Econometría y problemas económicos
محفوظ في:
| المؤلف الرئيسي: | |
|---|---|
| التنسيق: | كتاب |
| اللغة: | الإسبانية |
| منشور في: |
Barcelona
Oikos-tau
1976
|
| سلاسل: | Oikos-Sup, Economía
|
| الموضوعات: | |
| الوسوم: |
إضافة وسم
لا توجد وسوم, كن أول من يضع وسما على هذه التسجيلة!
|
MARC
| LEADER | 00000nam a2200000 a 4500 | ||
|---|---|---|---|
| 001 | UCR7649 | ||
| 003 | CL-VaPUC | ||
| 008 | 980519e19760000SP |||||||||||||||||spa|d | ||
| 082 | 0 | 4 | |a 330.0151 |b NIC |2 21 |
| 100 | |a Nicholson, R. J. |e autor |9 408986 | ||
| 245 | 1 | 0 | |a Econometría y problemas económicos |
| 300 | |a 408 p | ||
| 942 | |c BK | ||
| 945 | |d 19980519 00:00:00 |a crobeson | ||
| 260 | |a Barcelona |b Oikos-tau |c 1976 | ||
| 650 | 0 | |a Economía |9 255568 | |
| 650 | 0 | |a Econometría |9 261029 | |
| 650 | 0 | |a Economía matemática |9 270388 | |
| 583 | |a last modification |c 19980519 00:00:00 |k Rodrigo Vera | ||
| 490 | 0 | |a Oikos-Sup, Economía | |
| 999 | |c 269239 |d 269237 | ||
| 952 | |0 0 |1 0 |4 0 |6 330_015100000000000_NIC_1976 |7 0 |8 A |9 302931 |a BIBGIM |b BIBGIM |d 2019-11-20 |i 1993135 |o 330.0151 NIC 1976 |p 1993135 |r 2025-01-15 |w 2019-11-20 |y BK |k COM | ||